Library of the University of Algiers 3
Ibrahim Sultan Cheibout
شعار جامعة الجزائر 3
مكتبة جامعة الجزائر 3
إبراهيم سلطان شيبوط

أساسيات في الموارد الإقتصادية / (رقم التسجيلة. 43021)

تفاصيل مارك
000 -LEADER
fixed length control field 01365nam a2200205Ia 4500
003 - CONTROL NUMBER IDENTIFIER
control field Ost
005 - DATE AND TIME OF LATEST TRANSACTION
control field 20260507075116.0
008 - FIXED-LENGTH DATA ELEMENTS--GENERAL INFORMATION
fixed length control field 260507s9999||||xx |||||||||||||| ||und||
040 ## - CATALOGING SOURCE
Transcribing agency fsecg
041 ## - LANGUAGE CODE
Language code of text/sound track or separate title ara
082 ## - DEWEY DECIMAL CLASSIFICATION NUMBER
Classification number 333.7
100 ## - MAIN ENTRY--PERSONAL NAME
Personal name عبد الحميد، عبد المطلب
Relator term مؤلف
245 #0 - TITLE STATEMENT
Title أساسيات في الموارد الإقتصادية /
Statement of responsibility, etc. عبد المطلب عبد الحميد
260 ## - PUBLICATION, DISTRIBUTION, ETC.
Place of publication, distribution, etc. الإسكندرية:
Name of publisher, distributor, etc. الدار الجامعية,
Date of publication, distribution, etc. 2005
300 ## - PHYSICAL DESCRIPTION
Extent 310 صفحة؛
Other physical details إيضاحات ؛
Dimensions 24 سم
520 ## - SUMMARY, ETC.
Summary, etc. الموارد الإقتصادية من حيث التعريف والأهمية- التقسيمات المختلفة للموارد الإقتصادية- إقتصاديات وتخطيط وتنمية الموارد البشرية-اقتصاديات التعليم والإستثمار في الموارد البشرية- اقتصاديات السكان والتنمية- استراتيجية التنمية في جنوب الوادي وأهدافه- الموارد المعدنية- موارد الطاقة والبترول- الموارد الطبيعية في جمهورية مصر العربية- مشكلات اختلال العلاقة بين البيئة والتنمية
653 ## - INDEX TERM--UNCONTROLLED
Uncontrolled term الموارد الإقتصادية
700 ## - ADDED ENTRY--PERSONAL NAME
Personal name شابة، محمد
Relator term مؤلف ثانوي
942 ## - ADDED ENTRY ELEMENTS (KOHA)
Koha item type كتب
المقتنيات
Withdrawn status Lost status Source of classification or shelving scheme Damaged status Not for loan Home library Current library Date acquired Serial enumeration / chronology Inventory number Total checkouts Full call number Barcode Date last seen Price effective from Koha item type
    Dewey Decimal Classification   NOT LOAN / إعارة داخلية مكتبة كلية العلوم الإقتصادية والعلوم التجارية وعلوم التسيير مكتبة كلية العلوم الإقتصادية والعلوم التجارية وعلوم التسيير 07/05/2026 الطابق الأرضي 1936/1   أ/1936ن1 1936/1 07/05/2026 07/05/2026 كتب
    Dewey Decimal Classification   Available مكتبة كلية العلوم الإقتصادية والعلوم التجارية وعلوم التسيير مكتبة كلية العلوم الإقتصادية والعلوم التجارية وعلوم التسيير 07/05/2026 الطابق الثاني 1936/2   أ/1936ن2 1936/2 07/05/2026 07/05/2026 كتب

موارد الويب المفتوحة


© University of Algiers 3 All Rights Reserved
|
Implemented by LECHELAH Riad